Language Quiz

Random Language Quiz

Languages of India on a Map (Picture Click) Quiz Stats

 Plays Quiz not verified by Sporcle

Score 0/20 Timer 06:00
11 Plays Today
% Correct
Hindi
94.5%
Tamil
86.7%
Kashmiri
83.7%
Bengali
83.1%
Nepali
80.5%
Gujarati
76.8%
Punjabi
76.7%
Telugu
72.8%
Marathi
71.9%
Oriya
69.3%
% Correct
Kannada
67.7%
Assamese
65.3%
Malayalam
62.2%
Dafla
53.3%
Mizo
47.5%
Konkani
47.4%
Khasi & Garo
46.3%
Manipuri
44.5%
Nagamese
43.3%
Kokborok
41.2%

You're not logged in!

Compare scores with friends on all Sporcle quizzes.
OR
Log In

Show Comments

Extras

Top Quizzes Today


Score Distribution

Your Account Isn't Verified!

In order to create a playlist on Sporcle, you need to verify the email address you used during registration. Go to your Sporcle Settings to finish the process.

Report this User

Report this user for behavior that violates our Community Guidelines.

Details: